[Event "Pula op 35th"]
[Site "Pula"]
[Date "2023.06.24"]
[Round "8"]
[White "Amato, Andrea"]
[Black "Grgantov, Marin"]
[Result "1/2-1/2"]
[WhiteElo "2286"]
[BlackElo "2067"]
[PlyCount "131"]
[EventDate "2023.06.17"]
[EventType "swiss"]
[EventRounds "9"]
[EventCountry "CRO"]
[SourceTitle "CBM 214 Extra"]
[Source "ChessBase"]
[SourceDate "2023.07.31"]
[SourceVersion "1"]
[SourceVersionDate "2023.07.31"]
[SourceQuality "1"]

1. d4 Nf6 2. Bf4 d5 3. e3 c5 4. c3 Nc6 5. Nf3 Qb6 6. Qb3 c4 7. Qc2 Bf5 8. Qc1 e6 9. h3 Be7 10. Nbd2 Qd8 11. Ne5 Nxe5 12. Bxe5 0-0 13. Be2 Ne4 14. Bd1 Bd6 15. Bxd6 Qxd6 16. Bc2 Nxd2 17. Qxd2 b5 18. a3 a5 19. 0-0 Ra6 20. e4 Bxe4 21. Bxe4 dxe4 22. Rae1 Qd5 23. Qf4 f5 24. f3 exf3 25. Rxf3 b4 26. Re5 Qb7 27. Rc5 Rc8 28. Qe5 bxa3 29. bxa3 Rxc5 30. Qxc5 Qc6 31. Qe7 Qd6 32. Qe8+ Qf8 33. Qb5 Qc8 34. d5 g6 35. Re3 Kf7 36. Re1 Kf6 37. d6 Rxd6 38. Qe5+ Ke7 39. Rb1 Rd5 40. Rb7+ Rd7 41. Rb8 Qc7 42. Qg7+ Kd6 43. Qf8+ Ke5 44. Qh8+ Ke4 45. Rb1 Qc5+ 46. Kh1 Rd3 47. Qxh7 g5 48. Qg6 Qd5 49. Re1+ Kf4 50. Rf1+ Ke5 51. Kh2 g4 52. hxg4 fxg4 53. Re1+ Kd6 54. Qxg4 Rxc3 55. Qf4+ Kc6 56. Qf7 Kd6 57. Qf8+ Kc6 58. Qa8+ Kd6 59. Qb8+ Kd7 60. Qa7+ Kc6 61. Qa6+ Kd7 62. Qa7+ Kc6 63. Qa6+ Kd7 64. Qa7+ Kc6 65. Qa8+ Kd7 66. Qa7+ 1/2-1/2

[Event "Pula op 35th"]
[Site "Pula"]
[Date "2023.06.20"]
[Round "4"]
[White "Amato, Andrea"]
[Black "Zinchenko, Vladimir"]
[Result "1-0"]
[WhiteElo "2286"]
[BlackElo "2015"]
[PlyCount "113"]
[EventDate "2023.06.17"]
[EventType "swiss"]
[EventRounds "9"]
[EventCountry "CRO"]
[SourceTitle "CBM 214 Extra"]
[Source "ChessBase"]
[SourceDate "2023.07.31"]
[SourceVersion "1"]
[SourceVersionDate "2023.07.31"]
[SourceQuality "1"]

1. c4 Nf6 2. Nc3 e5 3. Nf3 d6 4. g3 Be7 5. Bg2 0-0 6. 0-0 c6 7. Qc2 Nbd7 8. d4 Re8 9. e4 Qc7 10. h3 Nf8 11. Be3 Ng6 12. Rfd1 h6 13. b4 exd4 14. Nxd4 Ne5 15. Qb3 a5 16. a3 Bf8 17. Rac1 axb4 18. axb4 Bd7 19. f4 Ng6 20. Nde2 h5 21. Bd4 Nh7 22. Rf1 Qd8 23. Kh2 Be7 24. Bf3 h4 25. g4 c5 26. bxc5 dxc5 27. Be3 Bc6 28. Nd5 Bd6 29. e5 Bf8 30. Rfd1 Ba4 31. Qb1 Bxd1 32. Rxd1 Qb8 33. Kg2 Be7 34. Be4 Nhf8 35. Nec3 Bd8 36. Bf5 Ne7 37. Be4 Nc6 38. Bxc5 Nxe5 39. fxe5 Qxe5 40. Qd3 Ne6 41. Bg1 Ng5 42. Re1 Kh8 43. Bd4 Qg3+ 44. Qxg3 hxg3 45. Re3 Ra3 46. Bf5 Ne6 47. Kxg3 Bg5 48. Re2 Rc8 49. Bxe6 fxe6 50. Rxe6 Rxc4 51. Re4 Bd2 52. Bxg7+ Kxg7 53. Rxc4 b5 54. Rc7+ Kg6 55. Kg2 b4 56. Ne4 Rd3 57. Ne7+ 1-0

[Event "ITA-chTA 52nd"]
[Site "Montesilvano"]
[Date "2021.09.21"]
[Round "2.2"]
[White "Mantovani, Renzo"]
[Black "Amato, Andrea"]
[Result "1-0"]
[WhiteElo "2293"]
[BlackElo "2339"]
[PlyCount "133"]
[EventDate "2021.09.20"]
[EventType "team-tourn"]
[EventRounds "7"]
[EventCountry "ITA"]
[SourceTitle "CBM 204 Extra"]
[Source "ChessBase"]
[SourceDate "2021.11.30"]
[SourceVersion "1"]
[SourceVersionDate "2021.11.30"]
[SourceQuality "1"]
[WhiteTeam "Varese"]
[BlackTeam "Palermo Circolo"]
[WhiteTeamCountry "ITA"]
[BlackTeamCountry "ITA"]

1. c4 c5 2. g3 g6 3. Bg2 Bg7 4. Nc3 Nc6 5. Nf3 d6 6. 0-0 Bf5 7. d3 Qd7 8. Nd5 Rc8 9. Rb1 Nf6 10. Nxf6+ Bxf6 11. Bh6 Bh3 12. Qd2 Nd4 13. Nxd4 cxd4 14. b4 b6 15. Rfc1 Bxg2 16. Kxg2 Rg8 17. h4 Bxh4 18. Rh1 Bf6 19. Bg5 Bxg5 20. Qxg5 h5 21. Rh4 e5 22. f3 Qe6 23. a4 f6 24. Qd2 Kf7 25. a5 Kg7 26. Ra1 Qd7 27. b5 Rh8 28. axb6 axb6 29. Ra6 Rb8 30. e4 g5 31. Rh1 Kg6 32. Qa2 Rb7 33. g4 Qf7 34. Rxh5 Rxh5 35. gxh5+ Kxh5 36. Ra8 Kg6 37. Kg3 f5 38. Kg2 fxe4 39. fxe4 Qf4 40. Qf2 Qg4+ 41. Qg3 Qe2+ 42. Qf2 Qg4+ 43. Qg3 Qe6 44. Qh3 Qxh3+ 45. Kxh3 Rf7 46. Kg2 g4 47. Rb8 Kg5 48. Rxb6 Rf3 49. Rxd6 Rxd3 50. b6 Rb3 51. c5 Kf4 52. Rd7 Rb2+ 53. Kf1 Rb1+ 54. Ke2 Kxe4 55. b7 Rb2+ 56. Kd1 g3 57. c6 g2 58. Rg7 Ke3 59. Kc1 Rb6 60. Rxg2 Rxc6+ 61. Rc2 Rb6 62. Rb2 Rxb7 63. Rxb7 e4 64. Kd1 Kf2 65. Rf7+ Ke3 66. Rf8 d3 67. Re8 1-0

[Event "Trieste op 21st"]
[Site "Trieste"]
[Date "2019.09.04"]
[Round "6"]
[White "Guid, Matej"]
[Black "Amato, Andrea"]
[Result "0-1"]
[WhiteElo "2317"]
[BlackElo "2330"]
[PlyCount "76"]
[EventDate "2019.08.31"]
[EventType "swiss"]
[EventRounds "9"]
[EventCountry "ITA"]
[SourceTitle "EXT 2020"]
[Source "ChessBase"]
[SourceDate "2019.10.17"]
[SourceVersion "1"]
[SourceVersionDate "2019.10.17"]
[SourceQuality "1"]

1. e4 c5 2. Nf3 g6 3. d4 cxd4 4. Qxd4 Nf6 5. Bb5 a6 6. Ba4 b5 7. Bb3 Nc6 8. Qe3 Bg7 9. 0-0 0-0 10. Nc3 Bb7 11. Rd1 d6 12. Qf4 Na5 13. Qh4 Qc7 14. Bh6 Nc4 15. Bxc4 Qxc4 16. Rd4 Qc5 17. Rad1 Rfe8 18. Bxg7 Kxg7 19. R1d2 b4 20. Nd5 Bxd5 21. exd5 Rab8 22. R4d3 Qa5 23. Qc4 Rec8 24. Qd4 Qxa2 25. Re3 Rb7 26. h3 Rc5 27. Qh4 Rxd5 28. Rde2 e6 29. b3 Qa5 30. g4 h6 31. Ne1 Rd1 32. f4 Qd5 33. Kf2 Rc7 34. Qg3 Rd2 35. Rxd2 Qxd2+ 36. Kf1 Rc3 37. Rxc3 bxc3 38. Qd3 Qxf4+ 0-1

[Event "Trieste op 21st"]
[Site "Trieste"]
[Date "2019.09.03"]
[Round "5"]
[White "Amato, Andrea"]
[Black "Le Goff, Ronan"]
[Result "1-0"]
[WhiteElo "2330"]
[BlackElo "2303"]
[PlyCount "103"]
[EventDate "2019.08.31"]
[EventType "swiss"]
[EventRounds "9"]
[EventCountry "ITA"]
[SourceTitle "EXT 2020"]
[Source "ChessBase"]
[SourceDate "2019.10.17"]
[SourceVersion "1"]
[SourceVersionDate "2019.10.17"]
[SourceQuality "1"]

1. c4 e6 2. Nc3 d5 3. e3 Nf6 4. Nf3 b6 5. cxd5 exd5 6. b3 Bd6 7. Bb2 a6 8. Be2 0-0 9. 0-0 Bb7 10. Rc1 Nbd7 11. d4 Re8 12. Qc2 Qe7 13. Rfd1 Rac8 14. Qf5 g6 15. Qh3 Rcd8 16. Qh4 Qf8 17. Ne5 Qg7 18. f4 Nf8 19. g4 N6d7 20. g5 f6 21. Ng4 fxg5 22. fxg5 Ne6 23. Rf1 Rf8 24. Rf6 Nxf6 25. gxf6 Qd7 26. Rf1 Rf7 27. Bd3 Re8 28. Bxg6 Kh8 29. Qh5 Ref8 30. Bxf7 Qxf7 31. Qxf7 Rxf7 32. Nh6 Rd7 33. Ne2 Bf8 34. Ng4 Bd6 35. Ng3 Rd8 36. Nh6 Rf8 37. Nh5 Ng5 38. f7 Bc8 39. h4 Ne4 40. Kg2 Be6 41. Nf6 Ng3 42. Rf3 Kg7 43. Ne8+ Kxh6 44. Rf6+ Kh5 45. Ng7+ Kxh4 46. Nxe6 Ne4 47. Rh6+ Kg4 48. Nxf8 Bxf8 49. Rxh7 Ng5 50. Rh8 Ne6 51. Rxf8 Nxf8 52. Ba3 1-0

[Event "ITA-chT 50th"]
[Site "Gallipoli"]
[Date "2018.04.27"]
[Round "1.4"]
[White "Ladron de Guevara Pinto, Paolo"]
[Black "Amato, Andrea"]
[Result "0-1"]
[WhiteElo "2422"]
[BlackElo "2299"]
[PlyCount "88"]
[EventDate "2018.04.27"]
[EventType "team-swiss"]
[EventRounds "7"]
[EventCountry "ITA"]
[SourceTitle "CBM 184 Extra"]
[Source "ChessBase"]
[SourceDate "2018.06.28"]
[SourceVersion "1"]
[SourceVersionDate "2018.06.28"]
[SourceQuality "1"]
[WhiteTeam "Lazio Scacchi"]
[BlackTeam "Informatica Commerciale"]
[WhiteTeamCountry "ITA"]
[BlackTeamCountry "ITA"]

1. e4 c5 2. Nf3 g6 3. d4 cxd4 4. Nxd4 Bg7 5. Nc3 Nc6 6. Be3 Nf6 7. Bc4 0-0 8. Bb3 Qc7 9. h3 a6 10. 0-0 b5 11. Re1 Bb7 12. Nf3 d6 13. Bg5 Na5 14. a3 Nc4 15. Bxc4 Qxc4 16. Nd2 Qc5 17. Bh4 Rac8 18. Nb3 Qc7 19. Qe2 Rfe8 20. Rac1 Nh5 21. Nd1 Bh6 22. c3 Qc4 23. Nd2 Qxe2 24. Rxe2 Nf4 25. Re3 Ne6 26. Re2 Nd4 27. Kf1 Bxd2 28. Rxd2 Nb3 29. Rcc2 Bxe4 30. Ne3 h6 31. f3 Bxc2 32. Rxc2 g5 33. Bg3 Rc5 34. Bf2 Rc6 35. Re2 Nc1 36. Rd2 e6 37. h4 f5 38. Nc2 Nb3 39. Re2 a5 40. h5 Kf7 41. g3 f4 42. gxf4 gxf4 43. a4 bxa4 44. Bg1 e5 0-1

[Event "ITA-chT 49th"]
[Site "Gallipoli"]
[Date "2017.04.30"]
[Round "6.5"]
[White "Amato, Andrea"]
[Black "Djuric, Stefan"]
[Result "1-0"]
[WhiteElo "2261"]
[BlackElo "2429"]
[PlyCount "79"]
[EventDate "2017.04.27"]
[EventType "team-swiss"]
[EventRounds "7"]
[EventCountry "ITA"]
[SourceTitle "CBM 178 Extra"]
[Source "ChessBase"]
[SourceDate "2017.06.22"]
[SourceVersion "1"]
[SourceVersionDate "2017.06.22"]
[SourceQuality "1"]
[WhiteTeam "Banca IGEA"]
[BlackTeam "Fano 1988"]
[WhiteTeamCountry "ITA"]
[BlackTeamCountry "ITA"]

1. Nf3 Nf6 2. c4 g6 3. Nc3 d5 4. cxd5 Nxd5 5. Qa4+ Bd7 6. Qh4 Nf6 7. d4 Bg4 8. e4 Bxf3 9. gxf3 Bg7 10. Be3 0-0 11. Rd1 c6 12. Bc4 Nbd7 13. Bb3 Nb6 14. f4 e6 15. Rg1 a5 16. a3 a4 17. Ba2 Ra5 18. f3 Re8 19. Qf2 Nfd7 20. Kf1 Qc7 21. h4 Kh8 22. Rg5 Nc8 23. h5 Nf6 24. hxg6 fxg6 25. Re5 Nh5 26. Rxe6 Rf8 27. Ne2 Qd7 28. Qh2 c5 29. f5 Ne7 30. Nf4 cxd4 31. Nxh5 gxh5 32. Bg5 Ng8 33. Kg1 d3 34. Rd6 Qb5 35. R6xd3 Qc5+ 36. Be3 Qe7 37. Rd7 Qe8 38. Qc7 Rfxf5 39. Rxg7 Rf8 40. Rxh7# 1-0

[Event "Sitges Sunway op 3rd"]
[Site "Sitges"]
[Date "2016.12.19"]
[Round "5"]
[White "Amato, Andrea"]
[Black "Villegas, Pierre"]
[Result "0-1"]
[WhiteElo "2290"]
[BlackElo "2374"]
[PlyCount "91"]
[EventDate "2016.12.16"]
[EventType "swiss"]
[EventRounds "9"]
[EventCountry "ESP"]
[SourceTitle "CBM 176 Extra"]
[Source "ChessBase"]
[SourceDate "2017.03.02"]
[SourceVersion "1"]
[SourceVersionDate "2017.03.02"]
[SourceQuality "1"]

1. Nf3 d5 2. c4 e6 3. g3 Nf6 4. Bg2 d4 5. 0-0 c5 6. e3 Nc6 7. exd4 cxd4 8. Re1 Bd6 9. b3 0-0 10. d3 Re8 11. Ba3 a5 12. Bxd6 Qxd6 13. Nbd2 h6 14. c5 Qxc5 15. Rc1 Qe7 16. Nc4 Ra6 17. Nce5 Bd7 18. Qd2 Rd8 19. Rc4 b5 20. Nxc6 Bxc6 21. Rxc6 Rxc6 22. Nxd4 Rxd4 23. Bxc6 b4 24. Qe3 Qd6 25. Bb5 h5 26. Rc1 Rd5 27. Rc8+ Kh7 28. Bc4 Re5 29. Qa7 Re1+ 30. Kg2 Qe5 31. Qxf7 Qe2 32. d4 Qe4+ 33. Kh3 Qf5+ 34. Kg2 h4 35. f3 h3+ 36. Kf2 Rc1 37. Ke3 Re1+ 38. Kd2 Ne4+ 39. Kxe1 Qxf7 40. fxe4 Qf3 41. Rc5 Qxe4+ 42. Kd2 Qg2+ 43. Ke3 Qxh2 44. Kf3 Qg2+ 45. Kg4 h2 46. Bd3+ 0-1

[Event "Sitges Sunway op 3rd"]
[Site "Sitges"]
[Date "2016.12.18"]
[Round "4"]
[White "Golubov, Saveliy"]
[Black "Amato, Andrea"]
[Result "1/2-1/2"]
[WhiteElo "2490"]
[BlackElo "2290"]
[PlyCount "72"]
[EventDate "2016.12.16"]
[EventType "swiss"]
[EventRounds "9"]
[EventCountry "ESP"]
[SourceTitle "CBM 176 Extra"]
[Source "ChessBase"]
[SourceDate "2017.03.02"]
[SourceVersion "1"]
[SourceVersionDate "2017.03.02"]
[SourceQuality "1"]

1. Nf3 c5 2. e4 e6 3. b3 a6 4. Bb2 Nc6 5. Nc3 Qc7 6. Qe2 d6 7. 0-0-0 Nf6 8. d4 cxd4 9. Nxd4 Nxd4 10. Rxd4 Be7 11. Rg1 Nd7 12. Rd3 Bf6 13. f4 b5 14. g4 Nc5 15. Rh3 b4 16. Nd1 a5 17. e5 dxe5 18. g5 Ba6 19. Qg2 Bb7 20. Bb5+ Kf8 21. Qe2 Be7 22. g6 fxg6 23. Rxg6 hxg6 24. Rxh8+ Kf7 25. Rxa8 Bxa8 26. Qxe5 Qxe5 27. Bxe5 g5 28. Nf2 Kg6 29. fxg5 Bxg5+ 30. Kd1 Bd8 31. Bd4 Bf3+ 32. Ke1 Nb7 33. Nd3 Be4 34. Be8+ Kh7 35. Bd7 Bc7 36. Bxe6 Bxh2 1/2-1/2

[Event "ITA-chT 48th"]
[Site "Civitanova Marche"]
[Date "2016.04.27"]
[Round "1.4"]
[White "Collutiis, Duilio"]
[Black "Amato, Andrea"]
[Result "1-0"]
[WhiteElo "2466"]
[BlackElo "2293"]
[PlyCount "103"]
[EventDate "2016.04.27"]
[EventType "team-swiss"]
[EventRounds "7"]
[EventCountry "ITA"]
[SourceTitle "CBM 172 Extra"]
[Source "ChessBase"]
[SourceDate "2016.06.21"]
[SourceVersion "1"]
[SourceVersionDate "2016.06.21"]
[SourceQuality "1"]
[WhiteTeam "Napoli"]
[BlackTeam "Palermo Banca Nuova"]
[WhiteTeamCountry "ITA"]
[BlackTeamCountry "ITA"]

1. e4 e6 2. d4 d5 3. Nd2 Nf6 4. e5 Nfd7 5. c3 c5 6. Bd3 Nc6 7. Ndf3 cxd4 8. cxd4 f6 9. exf6 Nxf6 10. Ne2 Bd6 11. 0-0 Qc7 12. Bg5 0-0 13. Bh4 Bd7 14. Bg3 Nh5 15. Bxd6 Qxd6 16. Qd2 h6 17. Qe3 Nf4 18. Nxf4 Qxf4 19. Rfe1 a6 20. Rad1 Kh8 21. Bb1 Rf6 22. Qd3 g6 23. Re3 Raf8 24. Qe2 g5 25. h3 g4 26. Qc2 R8f7 27. g3 Qb8 28. hxg4 Qg8 29. Qe2 Qxg4 30. Ne5 Nxe5 31. Rxe5 Qh3 32. Rh5 Bb5 33. Qe5 Qg4 34. Rd2 Kg8 35. Rh4 Qg7 36. Bc2 Qf8 37. a3 Rg7 38. a4 Rg5 39. Qe3 Be8 40. f4 Rg7 41. Kh2 Qe7 42. Qe5 h5 43. Re2 Qf8 44. Bd3 Bg6 45. Bxg6 Rfxg6 46. Rxh5 Qe8 47. f5 Rf6 48. fxe6 Qg6 49. e7 Rxe7 50. Qxd5+ Qf7 51. Rxe7 Rf2+ 52. Kh3 1-0

[Event "EU-Cup 31st"]
[Site "Skopje"]
[Date "2015.10.24"]
[Round "7.2"]
[White "Amato, Andrea"]
[Black "Bates, Richard"]
[Result "1/2-1/2"]
[WhiteElo "2345"]
[BlackElo "2328"]
[PlyCount "108"]
[EventDate "2015.10.18"]
[EventType "team-swiss"]
[EventRounds "7"]
[EventCountry "MKD"]
[SourceTitle "CBM 169"]
[Source "ChessBase"]
[SourceDate "2015.11.10"]
[SourceVersion "1"]
[SourceVersionDate "2015.11.10"]
[SourceQuality "1"]
[WhiteTeam "Palermitano Circolo"]
[BlackTeam "Blackthorne Russia"]
[WhiteTeamCountry "ITA"]
[BlackTeamCountry "ENG"]

1. c4 g6 2. Nc3 Bg7 3. d4 Nf6 4. e4 d6 5. Nf3 0-0 6. Be2 e5 7. d5 Na6 8. Nd2 h5 9. a3 c5 10. Rb1 Bh6 11. b4 b6 12. Qc2 Bd7 13. Nb5 Ne8 14. Nf3 Bxc1 15. Qxc1 Kg7 16. Qd2 f6 17. h4 Qe7 18. Rb3 Bg4 19. Ng1 Bxe2 20. Qxe2 Nec7 21. g4 Rh8 22. Nc3 Rhf8 23. Nd1 Qd7 24. b5 Qxg4 25. Qxg4 hxg4 26. bxa6 f5 27. Rg3 Nxa6 28. Nc3 Nc7 29. f3 a6 30. fxg4 f4 31. Rg2 b5 32. Rb2 Rab8 33. cxb5 Nxb5 34. Nxb5 Rxb5 35. Rxb5 axb5 36. h5 gxh5 37. gxh5 Kh6 38. Rh3 Ra8 39. Kf2 Ra4 40. Rb3 Rxe4 41. Ne2 Kxh5 42. Rxb5 Re3 43. Rb6 Kg4 44. Rxd6 Rf3+ 45. Ke1 Rxa3 46. Re6 Kf5 47. Re8 Rd3 48. Rd8 c4 49. d6 Ke6 50. Rc8 Kxd6 51. Rxc4 Kd5 52. Rxf4 exf4 53. Nxf4+ Ke4 54. Nxd3 Kxd3 1/2-1/2

[Event "EU-Cup 31st"]
[Site "Skopje"]
[Date "2015.10.23"]
[Round "6.3"]
[White "Maki, Veijo"]
[Black "Amato, Andrea"]
[Result "0-1"]
[WhiteElo "2373"]
[BlackElo "2345"]
[PlyCount "64"]
[EventDate "2015.10.18"]
[EventType "team-swiss"]
[EventRounds "7"]
[EventCountry "MKD"]
[SourceTitle "CBM 169"]
[Source "ChessBase"]
[SourceDate "2015.11.10"]
[SourceVersion "1"]
[SourceVersionDate "2015.11.10"]
[SourceQuality "1"]
[WhiteTeam "Tammer Shakki"]
[BlackTeam "Palermitano Circolo"]
[WhiteTeamCountry "FIN"]
[BlackTeamCountry "ITA"]

1. g3 e5 2. c4 Nf6 3. Bg2 c6 4. d4 exd4 5. Qxd4 d5 6. Nf3 Be7 7. 0-0 0-0 8. cxd5 cxd5 9. Rd1 Nc6 10. Qa4 Qb6 11. Nc3 Bc5 12. e3 Rd8 13. Qb5 Bg4 14. Qxb6 Bxb6 15. h3 Bf5 16. Nb5 Bc2 17. Rd2 Bg6 18. Rd1 Rac8 19. b3 Nb4 20. Nbd4 Ne4 21. Bb2 Nc3 22. Bxc3 Rxc3 23. Ne1 h6 24. Ne2 Rcc8 25. Nf4 d4 26. e4 Rc3 27. Nfd3 Nxd3 28. Nxd3 Re8 29. Rd2 Bxe4 30. Bxe4 Rxe4 31. Rad1 Re8 32. Nf4 Rd8 0-1

[Event "EU-Cup 31st"]
[Site "Skopje"]
[Date "2015.10.19"]
[Round "2.3"]
[White "Amato, Andrea"]
[Black "Carstensen, Jacob"]
[Result "0-1"]
[WhiteElo "2345"]
[BlackElo "2352"]
[PlyCount "60"]
[EventDate "2015.10.18"]
[EventType "team-swiss"]
[EventRounds "7"]
[EventCountry "MKD"]
[SourceTitle "CBM 169"]
[Source "ChessBase"]
[SourceDate "2015.11.10"]
[SourceVersion "1"]
[SourceVersionDate "2015.11.10"]
[SourceQuality "1"]
[WhiteTeam "Palermitano Circolo"]
[BlackTeam "Bronshoj"]
[WhiteTeamCountry "ITA"]
[BlackTeamCountry "DEN"]

1. Nf3 d5 2. c4 c6 3. e3 Nf6 4. Nc3 e6 5. b3 Bd6 6. Bb2 0-0 7. Qc2 e5 8. cxd5 cxd5 9. Nb5 Nc6 10. Nxd6 Qxd6 11. Rc1 Bg4 12. Qc5 Qe6 13. h3 Ne4 14. Qb5 Bxf3 15. gxf3 Nd6 16. Qa4 Rac8 17. Bd3 d4 18. Ba3 Rfd8 19. e4 a5 20. Rc5 Qf6 21. Ke2 b5 22. Bxb5 Nxb5 23. Qxb5 d3+ 24. Kf1 Qxf3 25. Rh2 Nd4 26. Rxc8 Qe2+ 27. Kg1 Nf3+ 28. Kg2 Nh4+ 29. Kg3 Qf3+ 30. Kxh4 Qf4+ 0-1

[Event "ITA-chT 47th"]
[Site "Civitanova Marche"]
[Date "2015.05.02"]
[Round "6.1"]
[White "Vocaturo, Daniele"]
[Black "Amato, Andrea"]
[Result "1/2-1/2"]
[WhiteElo "2579"]
[BlackElo "2322"]
[PlyCount "225"]
[EventDate "2015.04.29"]
[EventType "team-swiss"]
[EventRounds "7"]
[EventCountry "ITA"]
[SourceTitle "CBM 166 Extra"]
[Source "ChessBase"]
[SourceDate "2015.06.18"]
[SourceVersion "1"]
[SourceVersionDate "2015.06.18"]
[SourceQuality "1"]
[WhiteTeam "Padova"]
[BlackTeam "Palermo"]
[WhiteTeamCountry "ITA"]
[BlackTeamCountry "ITA"]

1. d4 e6 2. c4 Bb4+ 3. Nd2 d5 4. Qa4+ Nc6 5. Ngf3 Nf6 6. a3 Be7 7. e3 0-0 8. Qc2 a6 9. Bd3 h6 10. 0-0 Re8 11. b4 Bf8 12. Bb2 dxc4 13. Nxc4 Nd5 14. Rfd1 Bd6 15. e4 Nf4 16. Bf1 Bd7 17. g3 Ng6 18. Rac1 Rc8 19. Bg2 b5 20. Nce5 Bxe5 21. dxe5 Nb8 22. Bd4 c6 23. Bc5 Qc7 24. Rd6 Red8 25. Rcd1 Be8 26. h4 Rd7 27. h5 Nf8 28. Nd4 Qd8 29. Nf3 a5 30. Qd2 Na6 31. Qe3 Nxc5 32. bxc5 Qe7 33. Nd4 Ra7 34. f4 Nh7 35. Bf3 Rb7 36. Kg2 Ra7 37. Rd3 Rb7 38. Bd1 Nf8 39. Nf3 a4 40. Nd4 b4 41. Bxa4 bxa3 42. Rxa3 Rb2+ 43. Kh3 f6 44. exf6 Qxf6 45. e5 Qf7 46. Bd1 Rcb8 47. Bg4 Kh8 48. Nxc6 Bxc6 49. Rxc6 Nh7 50. Qf3 Rc2 51. Rb6 Rd8 52. Ra8 Rf8 53. Rxf8+ Qxf8 54. Rxe6 Rxc5 55. Qg2 Rc8 56. Rc6 Re8 57. Qc2 Qf7 58. Rc8 Rf8 59. Rxf8+ Nxf8 60. Qc8 Kg8 61. e6 Qa7 62. Qc4 Qe7 63. Bf5 Kh8 64. Qd5 Kg8 65. Qe4 Kh8 66. Qe5 Qb7 67. Be4 Qe7 68. Bd5 Nh7 69. Qb8+ Nf8 70. Kg4 Kh7 71. Qb1+ Kh8 72. Qf5 Nh7 73. Qe5 Nf6+ 74. Kh3 Qe8 75. Bf3 Qe7 76. g4 Qa3 77. Kg3 Qe7 78. Qe3 Nh7 79. Bd5 Nf6 80. Bc4 Nh7 81. Qe5 Qa3+ 82. Kg2 Qe7 83. Qd5 Nf8 84. Qf5 Qb4 85. Qe4 Qe7 86. Kf3 Nh7 87. Qe3 Nf6 88. Bd3 Qb7+ 89. Kg3 Qe7 90. Bf5 Ne8 91. Bg6 Nf6 92. Bf5 Ne8 93. Qd3 Nf6 94. Qc3 Qa7 95. Qf3 Qg1+ 96. Kh3 Qe1 97. g5 hxg5 98. fxg5 Ng8 99. h6 gxh6 100. Be4 Qb4 101. gxh6 Qd2 102. h7 Qh6+ 103. Kg2 Qxe6 104. Bf5 Qa2+ 105. Kh3 Nf6 106. Qc3 Qa6 107. Kh4 Qa4+ 108. Kg5 Qa6 109. Kg6 Qe6 110. Qa3 Qe8+ 111. Kxf6 Qf7+ 112. Ke5 Qe7+ 113. Qxe7 1/2-1/2

[Event "London Classic op 6th"]
[Site "London"]
[Date "2014.12.13"]
[Round "6"]
[White "Hebbes, Tim"]
[Black "Amato, Andrea"]
[Result "0-1"]
[WhiteElo "2126"]
[BlackElo "2338"]
[PlyCount "54"]
[EventDate "2014.12.08"]
[EventType "swiss"]
[EventRounds "9"]
[EventCountry "ENG"]
[SourceTitle "CBM 163 Extra"]
[Source "ChessBase"]
[SourceDate "2014.12.23"]
[SourceVersion "1"]
[SourceVersionDate "2014.12.23"]
[SourceQuality "1"]

1. d4 d6 2. e4 Nf6 3. Nc3 c6 4. Nf3 Bg4 5. h3 Bxf3 6. Qxf3 e6 7. Be3 d5 8. e5 Nfd7 9. Qg3 a6 10. f4 g6 11. h4 h5 12. Bd3 c5 13. dxc5 Nxc5 14. Bxc5 Bxc5 15. 0-0-0 Nc6 16. f5 gxf5 17. Qg7 Rf8 18. Bxf5 Qe7 19. Bh3 Bd4 20. Qh7 Bxc3 21. bxc3 Nxe5 22. Rhe1 Qa3+ 23. Kd2 Nc4+ 24. Ke2 0-0-0 25. Qxh5 Qxc3 26. Rxd5 Rxd5 27. Qxd5 Qe3+ 0-1

[Event "London Classic op 6th"]
[Site "London"]
[Date "2014.12.11"]
[Round "4"]
[White "Amato, Andrea"]
[Black "Gutkind, Kedem"]
[Result "1-0"]
[WhiteElo "2338"]
[BlackElo "2064"]
[PlyCount "89"]
[EventDate "2014.12.08"]
[EventType "swiss"]
[EventRounds "9"]
[EventCountry "ENG"]
[SourceTitle "CBM 163 Extra"]
[Source "ChessBase"]
[SourceDate "2014.12.23"]
[SourceVersion "1"]
[SourceVersionDate "2014.12.23"]
[SourceQuality "1"]

1. Nf3 Nf6 2. c4 g6 3. Nc3 Bg7 4. e4 d6 5. d4 0-0 6. h3 c5 7. d5 e6 8. Bg5 h6 9. Be3 exd5 10. exd5 Re8 11. Bd3 Nbd7 12. 0-0 Ne5 13. Nxe5 Rxe5 14. Qd2 Bd7 15. Bxh6 Bxh6 16. Qxh6 Rh5 17. Qe3 Kg7 18. Rfe1 Qh8 19. Bf1 Bf5 20. Ne2 Re8 21. Qc3 Rh4 22. Ng3 Rd4 23. Rxe8 Qxe8 24. Nxf5+ gxf5 25. Qg3+ Kh7 26. Qxd6 Ne4 27. Qf4 Qd7 28. Qe3 b6 29. Re1 Qd6 30. Qf3 Qg6 31. Be2 Nd2 32. Qg3 Qxg3 33. fxg3 Nxc4 34. Bxc4 Rxc4 35. Rd1 Re4 36. d6 Re8 37. Kf2 Kg6 38. Kf3 Kf6 39. d7 Rd8 40. Kf4 b5 41. Rd5 Ke6 42. Rxc5 Rxd7 43. Re5+ Kd6 44. Kxf5 Kc6 45. Re2 1-0

[Event "London Classic op 6th"]
[Site "London"]
[Date "2014.12.10"]
[Round "3"]
[White "Wagner, Dennis"]
[Black "Amato, Andrea"]
[Result "1-0"]
[WhiteElo "2488"]
[BlackElo "2338"]
[PlyCount "69"]
[EventDate "2014.12.08"]
[EventType "swiss"]
[EventRounds "9"]
[EventCountry "ENG"]
[SourceTitle "CBM 163 Extra"]
[Source "ChessBase"]
[SourceDate "2014.12.23"]
[SourceVersion "1"]
[SourceVersionDate "2014.12.23"]
[SourceQuality "1"]

1. d4 e6 2. c4 Bb4+ 3. Nd2 d5 4. Qa4+ Nc6 5. e3 Nf6 6. Ngf3 0-0 7. Be2 dxc4 8. 0-0 c3 9. bxc3 Bxc3 10. Rb1 e5 11. dxe5 Nd5 12. Nc4 Bf5 13. Rxb7 Ncb4 14. Rxa7 Rb8 15. e4 Bxe4 16. Bg5 f6 17. exf6 Bxf6 18. Bxf6 Qxf6 19. Ncd2 Bc2 20. Qa5 Kh8 21. a3 Nc6 22. Qxd5 Nxa7 23. Qc5 Rbe8 24. Re1 Nc6 25. Qxc2 Nd4 26. Qd1 Rd8 27. Qc1 Qf4 28. Bf1 c6 29. Qc5 Rd5 30. Qe7 Rdf5 31. Re4 Nxf3+ 32. Nxf3 Qc1 33. Rc4 Qd1 34. Rxc6 R5f7 35. Qxf7 1-0

[Event "London Classic op 6th"]
[Site "London"]
[Date "2014.12.08"]
[Round "1"]
[White "Basson, Heinrich"]
[Black "Amato, Andrea"]
[Result "0-1"]
[WhiteElo "1899"]
[BlackElo "2338"]
[PlyCount "36"]
[EventDate "2014.12.08"]
[EventType "swiss"]
[EventRounds "9"]
[EventCountry "ENG"]
[SourceTitle "CBM 163 Extra"]
[Source "ChessBase"]
[SourceDate "2014.12.23"]
[SourceVersion "1"]
[SourceVersionDate "2014.12.23"]
[SourceQuality "1"]

1. d4 d6 2. c4 e5 3. e4 exd4 4. Qxd4 Nc6 5. Qe3 g6 6. Nf3 Bg7 7. Be2 Nf6 8. Nbd2 0-0 9. 0-0 Re8 10. a3 a5 11. Rb1 a4 12. Rd1 d5 13. cxd5 Nxd5 14. Qc5 Nf4 15. Bb5 Bg4 16. Re1 Nd4 17. Bf1 Bxf3 18. Nxf3 Nh3+ 0-1